Oxford Textbook of Global Public Health: (Record no. 37179)
[ view plain ]
| 000 -LEADER | |
|---|---|
| fixed length control field | 00787nam a22001937a 4500 |
| 005 - DATE AND TIME OF LATEST TRANSACTION | |
| control field | 20260505144340.0 |
| 008 - FIXED-LENGTH DATA ELEMENTS--GENERAL INFORMATION | |
| fixed length control field | 260505b |||||||| |||| 00| 0 eng d |
| 020 ## - INTERNATIONAL STANDARD BOOK NUMBER | |
| ISBN | 9780192630415 |
| 082 ## - DEWEY DECIMAL CLASSIFICATION NUMBER | |
| Classification number | 614 |
| Item number | OXF |
| 245 ## - TITLE STATEMENT | |
| Title | Oxford Textbook of Global Public Health: |
| Remainder of title | The scope of public health/ |
| Statement of responsibility, etc. | Detels, Roger, editor. Abdool Karim, Q. (Quarraisha), editor. Baum, Frances, editor. Li, Liming, 1956- editor. Leyland, A. H. (Alastair H.), editor. |
| 250 ## - EDITION STATEMENT | |
| Edition statement | 7th.ed |
| 260 ## - PUBLICATION, DISTRIBUTION, ETC. | |
| Place of Publication | United Kingdom : |
| Name of publisher, distributor, etc. | Oxford University Press ; |
| Date of publication, distribution, etc. | 2015. |
| 300 ## - PHYSICAL DESCRIPTION | |
| Pages | xxix, 1643 pages : colour illustrations, colour maps ; 29 cm. |
| 490 ## - SERIES STATEMENT | |
| Volume | VOL.2 |
| 500 ## - GENERAL NOTE | |
| General note | 2-VOL SET<br/>vol.1(820)pages<br/>vol.2(1643)pages |
| 650 ## - SUBJECT ADDED ENTRY--TOPICAL TERM | |
| Subject / Department | Medical /Public Health |
| 700 ## - ADDED ENTRY--PERSONAL NAME | |
| Personal name | Leyland, A. H [editor]. |
| 952 ## - LOCATION AND ITEM INFORMATION (KOHA) | |
| -- | 0 |
| -- | 0 |
| 952 ## - LOCATION AND ITEM INFORMATION (KOHA) | |
| -- | 0 |
| -- | 0 |
| Lost status | Damaged status | Collection code | Permanent Location | Current Location | Shelving Location | Date acquired | Full Call Number | Accession No./Barcode | Date last seen | Copy number | item type | Koha item type |
|---|---|---|---|---|---|---|---|---|---|---|---|---|
| Medical | Superior Information Resource Center (SIRC) Superior University- Central Library | Superior Information Resource Center (SIRC) Superior University- Central Library | Public Health (D-L) | 05/05/2026 | 614 OXF 2015 | 29949 | 05/05/2026 | 1 | BOOK | BOOK | ||
| Medical | Superior Information Resource Center (SIRC) Superior University- Central Library | Superior Information Resource Center (SIRC) Superior University- Central Library | Public Health (D-L) | 05/05/2026 | 614 OXF 2015 | 29950 | 05/05/2026 | 2 | BOOK | BOOK |
